<?xml version="1.0" encoding="UTF-8"?>
<record
    xmlns:xsi="http://www.w3.org/2001/XMLSchema-instance"
    xsi:schemaLocation="http://www.loc.gov/MARC21/slim http://www.loc.gov/standards/marcxml/schema/MARC21slim.xsd"
    xmlns="http://www.loc.gov/MARC21/slim">

  <leader>00865nam a2200229 a 4500</leader>
  <controlfield tag="001">71021</controlfield>
  <controlfield tag="003">BD-RjUL</controlfield>
  <controlfield tag="005">20211209082053.0</controlfield>
  <controlfield tag="008">170423s1992    bg a|||| |||| 000 0 ben d</controlfield>
  <datafield tag="020" ind1=" " ind2=" ">
    <subfield code="a">9840725327</subfield>
    <subfield code="c">: Tk. 100.00</subfield>
  </datafield>
  <datafield tag="035" ind1=" " ind2=" ">
    <subfield code="a">(BD-RjUL)71235</subfield>
  </datafield>
  <datafield tag="040" ind1=" " ind2=" ">
    <subfield code="a">BD-RjUL</subfield>
    <subfield code="b">ben</subfield>
    <subfield code="c">BD-RjUL</subfield>
    <subfield code="d">BD-RjUL</subfield>
  </datafield>
  <datafield tag="041" ind1=" " ind2=" ">
    <subfield code="a">ben</subfield>
  </datafield>
  <datafield tag="082" ind1=" " ind2=" ">
    <subfield code="2">23</subfield>
    <subfield code="a">631.52</subfield>
    <subfield code="b">BHU 1992</subfield>
  </datafield>
  <datafield tag="100" ind1="1" ind2=" ">
    <subfield code="a">&#x9AD;&#x9C2;&#x981;&#x987;&#x9AF;&#x9BC;&#x9BE;, &#x9AE;&#x9CB;&#x983; &#x9B6;&#x9B9;&#x9C0;&#x9A6;&#x9C1;&#x9B0; &#x9B0;&#x9B6;&#x9C0;&#x9A6;</subfield>
    <subfield code="9">146012</subfield>
  </datafield>
  <datafield tag="245" ind1="1" ind2="0">
    <subfield code="a">&#x989;&#x9A6;&#x9CD;&#x9AD;&#x9BF;&#x9A6; &#x9AA;&#x9CD;&#x9B0;&#x99C;&#x9A8;&#x9A8; /</subfield>
    <subfield code="c">&#x9AE;&#x9CB;&#x983; &#x9B6;&#x9B9;&#x9C0;&#x9A6;&#x9C1;&#x9B0; &#x9B0;&#x9B6;&#x9C0;&#x9A6; &#x9AD;&#x9C2;&#x981;&#x987;&#x9AF;&#x9BC;&#x9BE;</subfield>
  </datafield>
  <datafield tag="260" ind1=" " ind2=" ">
    <subfield code="a">&#x9A2;&#x9BE;&#x995;&#x9BE; :</subfield>
    <subfield code="b">&#x9AC;&#x9BE;&#x982;&#x9B2;&#x9BE; &#x98F;&#x995;&#x9BE;&#x9A1;&#x9C7;&#x9AE;&#x9C0;,</subfield>
    <subfield code="c">&#x9E7;&#x9EF;&#x9EF;&#x9E8; [&#x9E7;&#x9E9;&#x9EF;&#x9EE;]</subfield>
  </datafield>
  <datafield tag="300" ind1=" " ind2=" ">
    <subfield code="a">&#x9E9;&#x9E8;&#x9EB; &#x9AA;&#x9C3;. : </subfield>
    <subfield code="b">&#x99A;&#x9BF;&#x9A4;&#x9CD;&#x9B0; ; </subfield>
    <subfield code="c">&#x9E8;&#x9EB; &#x9B8;&#x9C7;&#x9AE;&#x9BF;.</subfield>
  </datafield>
  <datafield tag="650" ind1=" " ind2=" ">
    <subfield code="a">&#x989;&#x9A6;&#x9CD;&#x9AD;&#x9BF;&#x9A6; &#x9AA;&#x9CD;&#x9B0;&#x99C;&#x9A8;&#x9A8;</subfield>
    <subfield code="9">146013</subfield>
  </datafield>
  <datafield tag="650" ind1=" " ind2=" ">
    <subfield code="a">Plant breeding</subfield>
    <subfield code="9">146014</subfield>
  </datafield>
  <datafield tag="942" ind1=" " ind2=" ">
    <subfield code="2">ddc</subfield>
    <subfield code="c">BK</subfield>
  </datafield>
  <datafield tag="999" ind1=" " ind2=" ">
    <subfield code="c">71021</subfield>
    <subfield code="d">71021</subfield>
  </datafield>
  <datafield tag="952" ind1=" " ind2=" ">
    <subfield code="0">0</subfield>
    <subfield code="1">0</subfield>
    <subfield code="2">ddc</subfield>
    <subfield code="4">0</subfield>
    <subfield code="7">1</subfield>
    <subfield code="8">NFIC</subfield>
    <subfield code="a">RUCL</subfield>
    <subfield code="b">RUCL</subfield>
    <subfield code="c">Reading</subfield>
    <subfield code="d">2021-12-09</subfield>
    <subfield code="e">Bangla Academi, Dhaka</subfield>
    <subfield code="g">0.00</subfield>
    <subfield code="l">0</subfield>
    <subfield code="o">B 631.52 BHU 1992</subfield>
    <subfield code="r">2017-04-23 00:00:00</subfield>
    <subfield code="t">C-1</subfield>
    <subfield code="w">2017-04-23</subfield>
    <subfield code="y">BK</subfield>
  </datafield>
</record>
